000 00620nam a2200265Ia 4500
005 20260306163524.0
008 008 260114s9999 xx 000 0 eng d
020 _a9781529210187
037 _aEBOOK
040 _aCRL
040 _beng
040 _cCRL
041 _2eng
041 _aeng
084 _qCRL
100 _aKent
245 4 _aThe Digital Health Self: Wellness, Tracking And Social Media
260 _bThe Policy Press
260 _c2024
650 _aSocial Work
856 _uhttps://academic.oup.com/book/55691
942 _cEBOOK
999 _c1710441
_d1710441